000 01165nam a2200277 4500
001 0000023581
003 CO-CtgCURN
005 20251016151015.0
008 160627s2011 000 0 eng d
020 _a9789586539135
040 _aCO-CtgCURN
_bspa
_ccoctgcurn
082 0 _a346.086
_bG133
100 1 _aGalindo Cubides, Hernando.
245 1 0 _aEl seguro de fianza :
_bgarantia unica del cumplimiento /
_cHernando Galindo Cubides.
250 _a2a ed.
260 _aBogotá :
_bLegis,
_c2011.
300 _a287 p.
336 _2rdacontent
337 _2rdamedia
_asin mediacion
_bn
338 _2rdacarrier
_avolumen
_bnc
505 8 _aNociones generales.--Derecho comparado.--Contrato de seguro, contrato de fianza, seguro de fianza.--Del seguro de fianza.--Elementos y partes del contrato.--Distribucion de riesgos y otros aspectos.--Coberturas y limitaciones.--Modalidades del seguro de fianza.--Seriedad de oferta. Garantia unica.--Responsabilidad civil y otros conceptos legales
650 0 _aFianzas.
908 _a160627
942 _cBK
_h346.086
_iG133
_2ddc
999 _c50225
_d50225
_x1